[Event "Cappelle Online Blitz op 1st"]
[Site "Europe Echecs INT"]
[Date "2021.01.10"]
[Round "9"]
[White "Avron, David"]
[Black "Melier, Ludovic"]
[Result "1-0"]
[WhiteElo "1965"]
[BlackElo "1511"]
[PlyCount "47"]
[EventDate "2021.01.10"]
[EventType "swiss (blitz)"]
[EventRounds "11"]
[EventCountry "FRA"]
[SourceTitle "CBM 200 Extra"]
[Source "ChessBase"]
[SourceDate "2021.03.31"]
[SourceVersion "1"]
[SourceVersionDate "2021.03.31"]
[SourceQuality "1"]

1. d4 f5 2. Nf3 e6 3. Bf4 Nf6 4. e3 Be7 5. h3 b6 6. Be2 Bb7 7. 0-0 0-0 8. c4 Nc6 9. Nc3 Qe8 10. Bxc7 Rc8 11. Bh2 Nb4 12. a3 Na6 13. b3 Nc7 14. b4 Qg6 15. c5 bxc5 16. bxc5 a6 17. Qb3 Kh8 18. Qxb7 Ncd5 19. Nxd5 Nxd5 20. Qxd7 Rcd8 21. Qa7 f4 22. e4 Nc3 23. Bd3 e5 24. Qxe7 1-0